How to Train Your Dragon Books - Statistics

General Stats
  • This quiz has been taken 59 times
  • The average score is 7 of 12
Answer Stats
Year Book % Correct
2003 How to {Train Your Dragon}
100%
2004 How to {Be A Pirate}
80%
2005 How to {Speak Dragonese}
67%
2011 How to {Steal a Dragon's Sword}
60%
2009 How to {Break a Dragon's Heart}
56%
2006 How to {Cheat a Dragon's Curse}
53%
2015 How to {Fight a Dragon's Fury}
51%
2007 {A Hero's Guide To Deadly Dragons}
49%
2008 How to {Ride a Dragon's Storm}
49%
2013 How to {Betray a Dragon's Hero}
42%
2007 How to {Twist a Dragon's Tale}
40%
2012 How to {Seize a Dragon's Jewel}
38%
No matching quizzes found
Score Distribution
Percent of People with Each Score
Percentile by Number Answered
Your Score History
You have not taken this quiz